|
|
|
|
| LEADER |
00000nam a2200000 4500 |
| 001 |
vtls011745456 |
| 003 |
SK-MaSNL |
| 005 |
20260301182907.0 |
| 008 |
200104s2017 xo l e np 000 0 slo |
| 015 |
|
|
|a SNBA2018/04
|
| 020 |
|
|
|a 9788055217499
|q (brožované)
|
| 035 |
|
|
|a urn:nbn:sk:snk-am00d2h1
|
| 035 |
|
|
|a urn:nbn:sk:snk-am3hjfk
|
| 035 |
|
|
|a 498FD4A6-12E6-4351-A635-67BEE6691795
|
| 040 |
|
|
|a SNK
|b slo
|c SNK
|e rda
|
| 041 |
0 |
|
|a slo
|
| 044 |
|
|
|a xo
|c SK
|
| 072 |
|
7 |
|a 543
|x Analytická chémia
|2 konspekt
|
| 080 |
|
|
|a 543
|2 2011
|
| 080 |
|
|
|a (075.8)
|2 2011
|
| 080 |
|
|
|a (076.5)
|2 2011
|
| 100 |
1 |
|
|a Bajčan, Daniel,
|d 1976-
|4 aut
|9 82355
|
| 245 |
1 |
0 |
|a Návody na cvičenia z analytickej chémie
|c Daniel Bajčan, Mária Timoracká, Ondrej Hegedűs, Radovan Stanovič
|
| 250 |
|
|
|a Vydanie prvé
|
| 264 |
|
1 |
|a Nitra
|b Slovenská poľnohospodárska univerzita v Nitre
|b Vydavateľstvo SPU
|c 2017
|
| 300 |
|
|
|a 84 strán
|b tabuľky
|c 30 cm
|
| 336 |
|
|
|a text
|b txt
|2 rdacontent
|
| 337 |
|
|
|a bez média
|b n
|2 rdamedia
|
| 338 |
|
|
|a zväzok
|b nc
|2 rdacarrier
|
| 366 |
|
|
|e 400 kusov
|
| 504 |
|
|
|a Bibliografia na strane 84
|
| 521 |
|
|
|a Pre študentov SPU
|
| 650 |
0 |
7 |
|a analytická chémia
|2 SNKPH
|9 849
|
| 650 |
0 |
7 |
|a Analytical chemistry
|2 SNKPHeng
|9 265249
|
| 655 |
|
7 |
|a učebnice vysokých škôl
|2 SNKPH
|9 70191
|
| 655 |
|
7 |
|a Textbooks (higher)
|2 SNKPHeng
|9 276436
|
| 655 |
|
7 |
|a praktické cvičenia
|2 SNKPH
|9 70517
|
| 655 |
|
7 |
|a Problems, exercises, etc.
|2 SNKPHeng
|9 278342
|
| 700 |
1 |
|
|a Timoracká, Mária,
|d 1974-
|4 aut
|9 7293
|
| 700 |
1 |
|
|a Hegedűs, Ondrej,
|d 1953-
|4 aut
|9 250169
|
| 700 |
1 |
|
|a Stanovič, Radovan,
|d 1971-
|4 aut
|9 65637
|
| 919 |
|
|
|a 978-80-552-1749-9
|
| 958 |
|
|
|a NB
|
| 999 |
|
|
|c 855170
|d 857100
|
| 952 |
|
|
|a SNK
|b SNK
|y PREZ
|7 0
|p 17A1322050
|o snkSB 92607
|i snk2018/5946
|8 0
|0 0
|1 0
|4 0
|d 2018-03-09
|f 1
|l 0
|r 2025-05-14 00:00:00
|w 2026-02-24
|
| 952 |
|
|
|a SNK
|b SNK
|y VYP
|7 0
|p 17A1322051
|o snkSB 92607 D1
|i snk2018/5947
|8 0
|0 0
|1 0
|4 0
|d 2018-03-09
|l 0
|r 2026-02-24 04:54:20
|w 2026-02-24
|